000 00544nam a22002177a 4500
003 UA-OsUOA
001 39689
007 ta
008 20060626b un ||||| |||| 00| 0 ukr d
100 _aВолошин М.
090 _a82
_bВ11
942 _cSA
040 _aUA-OsUOA
_bukr
_cUA-OsUOA
_dUA-OsUOA
245 _aХолодна ніч у моррому місті
300 _aС.27-31
955 _a0
041 _aukr
080 _a82
773 0 _w39686
650 7 _a82 Література. Літературознавство
_2UDC
999 _c325828
_d325828